| 000 | 00465nam a22001817a 4500 | ||
|---|---|---|---|
| 003 | OSt | ||
| 008 | 250222b |||||||| |||| 00| 0 eng d | ||
| 020 | _a9 788170 893172 | ||
| 041 | _aeng | ||
| 082 |
_a551.492 _bPRA/EV |
||
| 100 |
_aPrakash, Om _97233 |
||
| 245 | _aEvaluation of Watersheds in India | ||
| 260 |
_aDehradun: _bInternational Book Distributors, _c2004. |
||
| 300 | _a153p. | ||
| 700 |
_aReddy, YVR _97234 |
||
| 700 |
_aSastry, G _91612 |
||
| 942 | _cBK | ||
| 999 |
_c19442 _d19442 |
||